| 000 | 00655nam a2200229Ia 4500 | ||
|---|---|---|---|
| 005 | 20241129110130.0 | ||
| 008 | 241129s9999||||xx |||||||||||||| ||und|| | ||
| 020 | _a978-977-733-159-3 | ||
| 037 | _aTB | ||
| 040 |
_aARTS _beng _cARTS |
||
| 041 |
_aeng _2ara |
||
| 084 |
_aV46 28Q8.1-.2 _qARTS |
||
| 100 |
_aSanjabi Mohammad Ahmad Au. _9727330 |
||
| 245 | 0 |
_aAl-tareekh al-hazari lil-qabail al-arbia bashbah al-jazeerah al-arbia _cSanjabi Mohammad Ahmad Au. |
|
| 260 | _c2020 | ||
| 300 | _a311p. | ||
| 365 |
_aINR _b1200 |
||
| 490 | _v V2 | ||
| 650 |
_aHistory Arab _9727331 |
||
| 942 |
_cTB _hV46 28Q8.1-.2 |
||
| 999 |
_c1227431 _d1227431 |
||